Statistics for Top 10 Cities with the Most Expensive Hotels

Click here to take the quiz!

General Stats

  • This quiz has been taken 342 times
  • The average score is 6 of 10

Answer Stats

$City% Correct
306New York
96%
217London
90%
220Tokyo
81%
196Singapore
63%
240Sydney
56%
202Oslo
52%
217Zürich
52%
193Toronto
43%
197Copenhagen
40%
282Washington, D.C.
39%

Score Distribution

Percentile by Number Answered

Percent of People with Each Score

Your Score History

You have not taken this quiz